| 000 | 00807nam a2200241 a 4500 | ||
|---|---|---|---|
| 001 | 000029227 | ||
| 003 | DO-SdBNP | ||
| 005 | 20251118121150.0 | ||
| 007 | ta | ||
| 008 | 110414s2009 dr ac 000 0 spa d | ||
| 040 |
_aDO-SdBNP _bspa _cBNPHU |
||
| 082 | 4 |
_bB213R _222 _axxx |
|
| 110 | 2 |
_aBanco de Reservas de la República Dominicana _96285 |
|
| 245 | 1 | 0 | _aMemoria 2008. |
| 260 |
_aSanto Domingo : _bBanReservas, _c[2009] |
||
| 300 |
_a83 p. : _bil., retrs. ; _c30 cm. |
||
| 586 | _aPremio empresarial The Bizz Awards 2007 otorgado por la Confederación Mundial de Negocios, Houston, Estados Unidos de América | ||
| 590 | _aInventariado, 2023 / DG | ||
| 650 | 0 |
_aBancos centrales _954908 _zRepública Dominicana |
|
| 650 | 0 |
_aFinanzas _9641 _zRepública Dominicana |
|
| 910 | _aDG | ||
| 942 |
_2ddc _cLBS1 |
||
| 999 |
_c53201 _d53201 |
||